Deje biblické pre dietky

Bibliographic Details
Main Author: Roder, Alojz (Author)
Format: Book
Language:Slovak
Latin
Published: Budapešť Spolok sv. Štefana 1904
Subjects:

MARC

LEADER 00000nam a2200000 a 4500
001 vtls008394176
003 SK-MaSNL
005 20260302052534.0
008 251124s1904 hu slo
015 |a SKSNBA19011918-001770 
035 |a SK01SNKBSKFE20010086393 
035 |a SKM000088856 
040 |a SNK  |b slo  |c SNK  |e AACR2 
041 1 |a slo  |a lat 
044 |a hu 
080 |a 372(075)  |2 1981 
080 |a 372.893(075)  |2 1981 
100 1 |a Roder, Alojz  |4 aut  |9 628777 
245 1 0 |a Deje biblické pre dietky  |c Alojz Roder 
260 |a Budapešť  |b Spolok sv. Štefana  |c 1904  |e Jáger  |f Arcibiskupská lyc. kníhtlačiareň 
300 |a 78 s.  |c 8° 
500 |a Ilustr. Lat. miništrancia 
500 |a (Titulný list je poškodený) 
650 0 7 |a dejepis biblický  |x učebnice ľudových škôl  |2 SNK  |9 308728 
655 7 |a učebnice  |2 SNKPH  |9 22521 
852 |a Slovenská národná knižnica v Martine  |b 10000  |h MS SD 15329 
958 |a ONDV 
958 |a RK 
958 |a TL 
999 |c 1105607  |d 1107537 
952 |a SNK  |b SNK  |y PREZ  |7 0  |p 17A0572715  |o snkSD 15329  |i snk6364/58  |0 0  |1 0  |4 0  |d 2008-01-30  |l 0  |r 2025-11-28 00:00:00  |w 2026-02-24